OWCS 2025 - Stage 1 EMEA - Statistics

General Stats
  • This quiz has been taken 114 times
  • The average score is 35 of 48
Answer Stats
Region Team Role Answer % Correct
EMEA Twisted Minds Tank Hadi
97%
EMEA The Ultimates DPS kevster
96%
EMEA The Ultimates DPS Kai
94%
EMEA Twisted Minds DPS Quartz
93%
EMEA The Ultimates Tank KSAA
91%
EMEA Gen.G Tank Mag
91%
EMEA Virtus.pro Tank Vestola
91%
EMEA Twisted Minds DPS Youbi
91%
EMEA The Ultimates Tank Chase
90%
EMEA Virtus.pro DPS sHockWave
89%
EMEA Twisted Minds Support FunnyAstro
88%
EMEA Gen.G DPS Sauna
86%
EMEA The Ultimates Support SKAI
86%
EMEA Twisted Minds Tank TVNT
86%
EMEA Al Qadsiah Support Landon
85%
EMEA Twisted Minds DPS Seicoe
85%
EMEA Gen.G DPS TOPDRAGON
85%
EMEA The Ultimates Support Twilight
84%
EMEA Virtus.pro Support Galaa
82%
EMEA Gen.G Support Khenail
81%
EMEA Sakura Esports Tank Hitori
80%
EMEA Team Peps Support FDGod
78%
EMEA Al Qadsiah DPS CheckMate
77%
EMEA The Ultimates Support Faith
77%
EMEA Team Peps DPS SoOn
76%
EMEA Gen.G Support crispy
74%
EMEA Team Peps DPS xzodyal
73%
EMEA Twisted Minds Support irony
72%
EMEA Al Qadsiah DPS LBBD7
72%
EMEA Al Qadsiah Tank Tred
70%
EMEA Team Vision Support Simple
69%
EMEA Virtus.pro Support FiXa
68%
EMEA Virtus.pro DPS JaeWoo
68%
EMEA Al Qadsiah Support Haku
63%
EMEA Team Peps Tank eisgnom
60%
EMEA Team Peps DPS Ken
60%
EMEA Team Vision Tank iMOH97
57%
EMEA Sakura Esports DPS China
55%
EMEA Al Qadsiah DPS Qlm
55%
EMEA Team Vision DPS Taejong
54%
EMEA Team Vision DPS slowdive
51%
EMEA Team Vision Support One
49%
EMEA Team Vision Support AOY
47%
EMEA Team Peps Support Xeriongdh
46%
EMEA Sakura Esports DPS Zorrow
45%
EMEA Sakura Esports Support Prota
44%
EMEA Al Qadsiah Tank ZIYAD
43%
EMEA Sakura Esports Support Strebor
40%
No matching quizzes found
Score Distribution
Percent of People with Each Score
Percentile by Number Answered
Your Score History
You have not taken this quiz